00958nam a2200241Ia 4500003000400000005001700004008004100021040002100062041001300083082002400096100003100120245019000151260004200341300003600383490006500419504004000484505004300524650001200567650003200579650002700611700004200638700003600680OSt20210823113602.0210310s1940 sp gr 000 0 spa d aCO-JMCRcCO-JMCR1 aspaheng04a332.77 /bN993p2231 aNyboe Andersen, P.eautor13aLa política económica en el clearing internacional / cP. Nyboe Andersen ; traducción del inglés por José Díaz García ; revisión é introducción por Manuel de Torres. aMadrid, España : bAguilar, c1942. axxvii, 309 páginas ; c22 cm.0 aBiblioteca de ciencias económicas, políticas y sociales. aBibliografía : páginas 305-309.0 aParte descriptiva. -- Parte teórica.14aDivisas24aCámaras de compensación24aPolítica de Clearing1 aDíaz García, José, etraductor 1 aTorres, Manuel de, etraductor